| 000 | 00546nam a22001697a 4500 | ||
|---|---|---|---|
| 005 | 20231109143116.0 | ||
| 008 | 231109b |||||||| |||| 00| 0 eng d | ||
| 020 | _a0908423098 | ||
| 041 | _aEnglish | ||
| 082 | _a346.2 BUI | ||
| 100 | _lEnglish | ||
| 245 |
_aBuilding Claims and Arbitration / _cThe Association of Arbitrators and Conference Associates |
||
| 260 |
_aPretoria : _bConference Associates (Pty) Ltd, _c1980 |
||
| 300 |
_b240 pages ; _c25,5 cm. |
||
| 650 |
_aLegal practice _bLaw |
||
| 942 |
_cBK _6ALISON_BN_VRIES |
||
| 999 |
_c493 _d493 |
||